[Event ""]
[Site ""]
[Date "????.??.??"]
[Round "7"]
[White "Êîíîâàëîâ Âÿ÷åñëàâ"]
[Black "Êîáà Èãîðü"]
[Result "1/2-1/2"]
[WhiteElo "2068"]
[BlackElo "2242"]
[Annotator ""]
[Source ""]
[Remark ""]

1.d4 Nf6 2.Nf3 g6 3.Nbd2 c5 4.e3 b6 5.c3 Bb7 6.Bd3 Bg7 7.O-O
O-O 8.Re1 d5 9.Ne5 Nbd7 10.Ndf3 Nxe5 11.Nxe5 Nd7 12.Nf3 e5 13.dxe5
Nxe5 14.Nxe5 Bxe5 15.Qf3 Qc7 16.e4 dxe4 17.Bxe4 Bxe4 18.Rxe4
Bxh2+ 19.Kh1 Be5 20.Qh3 f5 21.Re2 Rfe8 22.Bg5 Bg7 23.Rae1 Qf7
24.Re7 Qf8 25.Qh4 Rxe7 26.Rxe7 Re8 27.Qc4+ Kh8 28.Rxa7 Qd6 29.Be3
Qd1+ 30.Kh2 Qh5+ 31.Kg1 Be5 32.g3 Rf8 33.Qd5 Bg7 34.Qb7 Rg8 35.Qxb6
Qd1+ 36.Kh2 f4 37.Bxf4 Qh5+ 38.Kg1 Qd1+ 39.Kh2 Qh5+ 40.Kg1 Qd1+ 1/2-1/2

[Event ""]
[Site ""]
[Date "????.??.??"]
[Round "7"]
[White "Ðàêîâ Ìèõàèë"]
[Black "Íåôåäîâ Ñåðãåé"]
[Result "0-1"]
[WhiteElo "1912"]
[BlackElo "2170"]
[Annotator ""]
[Source ""]
[Remark ""]

1.d4 d5 2.Nf3 Nf6 3.c4 c6 4.Qc2 e6 5.g3 Ne4 6.Bg2 Nd7 7.O-O f5
8.Nc3 Ndf6 9.cxd5 exd5 10.Ne5 Be7 11.f3 Nd6 12.b3 O-O 13.Bb2
Be6 14.Na4 Nd7 15.Nc5 Nxc5 16.dxc5 Nf7 17.b4 Nxe5 18.Bxe5 Bf6
19.Bxf6 Qxf6 20.e3 a5 21.Qd2 axb4 22.Qxb4 Ra7 23.a4 Qe5 24.Ra3
Bf7 25.a5 Rfa8 26.Rfa1 h6 27.f4 Qf6 28.Qd4 Qxd4 29.exd4 Bh5 30.Kf2
Kf7 31.Bf1 Kf6 32.a6 Re8 33.Bd3 Re6 34.Rb3 bxa6 35.Rxa6 Rae7
36.Rb2 g5 37.Rb8 Be2 38.Rb3 Bxd3 39.Rxd3 Re2+ 0-1

[Event ""]
[Site ""]
[Date "????.??.??"]
[Round "7"]
[White "Óëÿøåâ Íèêîëàé"]
[Black "Ïðîõîðîâ Ñåðãåé"]
[Result "1/2-1/2"]
[WhiteElo "1716"]
[BlackElo "2168"]
[Annotator ""]
[Source ""]
[Remark ""]

1.e4 c5 2.Nf3 d6 3.d4 cxd4 4.Nxd4 Nf6 5.Nc3 a6 6.g3 g6 7.Bg2
Bg7 8.O-O O-O 9.Re1 Qb6 10.Nb3 Bg4 11.Nd5 Nxd5 12.Qxg4 Nb4 13.Qe2
Nd7 14.c3 Nc6 15.Be3 Qc7 16.f4 Rac8 17.Rad1 b5 18.Nd4 Nxd4 19.cxd4
Qc4 20.Qxc4 Rxc4 21.e5 Nb6 22.b3 Rc2 23.Rd2 Rc7 24.Rdd1 d5 25.Rc1
Rfc8 26.Rxc7 Rxc7 27.Rc1 Rxc1+ 28.Bxc1 e6 29.Ba3 Bf8 30.Bxf8
Kxf8 31.Bf1 Nd7 32.a4 bxa4 33.bxa4 a5 1/2-1/2

[Event ""]
[Site ""]
[Date "????.??.??"]
[Round "7"]
[White "Êîòîâ Äìèòðèé"]
[Black "Ïóòåíèõèí Îëåã"]
[Result "1/2-1/2"]
[WhiteElo "2165"]
[BlackElo "2061"]
[Annotator ""]
[Source ""]
[Remark ""]

1.e4 e6 2.d4 d5 3.Nd2 Be7 4.c3 Nf6 5.e5 Nfd7 6.f4 c5 7.Ndf3 Nc6
8.g3 cxd4 9.cxd4 Nb6 10.Bd3 Bd7 11.Ne2 Nb4 12.Bb1 Bb5 13.a3 Nc6
14.Bd3 Bxd3 15.Qxd3 Qd7 16.O-O Na5 17.Nd2 O-O 18.f5 f6 19.fxe6
Qxe6 20.b4 Nac4 21.Nxc4 dxc4 22.Qe4 fxe5 23.Bf4 a5 24.b5 Nd7
25.Nc3 Bd6 26.dxe5 Nxe5 27.Rae1 Rae8 28.Bxe5 Rxf1+ 29.Rxf1 Qxe5
30.Qxc4+ Kh8 31.a4 1/2-1/2

[Event ""]
[Site ""]
[Date "????.??.??"]
[Round "7"]
[White "Øóëàêîâà Ñâåòëàíà"]
[Black "Ìèõàéëîâ Âÿ÷åñëàâ"]
[Result "1/2-1/2"]
[WhiteElo "2158"]
[BlackElo "2043"]
[Annotator ""]
[Source ""]
[Remark ""]

1.d4 Nf6 2.c4 e6 3.Nc3 Bb4 4.Qc2 d5 5.cxd5 exd5 6.Bg5 O-O 7.a3
Be7 8.e3 h6 9.Bh4 c6 10.Bd3 Nbd7 11.Nf3 Re8 12.O-O Ne4 13.Bxe7
Qxe7 14.b4 a6 15.Rab1 Ndf6 16.a4 Bf5 17.Ne5 Nd7 18.Nxd7 Bxd7
19.b5 axb5 20.axb5 Ra3 21.Bxe4 dxe4 22.bxc6 bxc6 23.Na4 Qg5 24.Kh1
Qf6 25.Nc5 Bf5 26.Rb6 Rea8 27.Rfb1 Kh7 28.R6b3 Ra2 29.R3b2 R2a3
30.Rb3 Ra2 31.R3b2 R2a3 32.Qc4 Ra1 33.Qc1 R1a2 34.Rxa2 Rxa2 35.Rb2
Ra5 36.Qc2 Bg6 37.Rb1 Rb5 38.Rc1 Qh4 39.Kg1 Ra5 40.Rb1 h5 41.Qd2
Ra3 42.Qb2 Ra7 43.Qb8 Ra2 44.Qg3 Qf6 45.Nd7 Qe7 46.Ne5 c5 47.Nxg6
fxg6 48.dxc5 Qxc5 49.h4 1/2-1/2

[Event ""]
[Site ""]
[Date "????.??.??"]
[Round "7"]
[White "Ìàòâååâ Âëàäèìèð"]
[Black "Ãâàíöåëàäçå Àííà"]
[Result "0-1"]
[WhiteElo "2110"]
[BlackElo "2017"]
[Annotator ""]
[Source ""]
[Remark ""]

1.d4 Nf6 2.c4 g6 3.g3 Bg7 4.Bg2 O-O 5.Nc3 d6 6.Nf3 Nbd7 7.O-O
e5 8.e4 exd4 9.Nxd4 a5 10.h3 Re8 11.Re1 Nc5 12.Ndb5 Bd7 13.Qc2
Bxb5 14.Nxb5 Nfd7 15.Be3 Re6 16.Rad1 Qb8 17.Bd4 Bf8 18.f4 c6
19.Nc3 Qc7 20.b3 Ree8 21.a3 Ra6 22.Kh2 Ne6 23.Be3 Nb6 24.Bf1
Raa8 25.Qf2 Nd7 26.Bd3 Bg7 27.Na4 Rab8 28.Nb6 Ndc5 29.f5 Qxb6
30.fxe6 Rxe6 31.Bc2 Be5 32.Rf1 Rf6 33.Qd2 Rxf1 34.Rxf1 Qc7 35.b4
axb4 36.axb4 Ne6 37.Qf2 Ra8 38.Bb6 Qe7 39.c5 Ra3 40.cxd6 Bxd6
41.e5 Bxe5 42.Be3 Qc7 43.Bb1 Bxg3+ 0-1

[Event ""]
[Site ""]
[Date "????.??.??"]
[Round "7"]
[White "Þãèíà Ìàðèÿ"]
[Black "Ìóëåíêî Àëåêñàíäð"]
[Result "0-1"]
[WhiteElo "2005"]
[BlackElo "2201"]
[Annotator ""]
[Source ""]
[Remark ""]

1.d4 Nf6 2.Nf3 e6 3.c4 Bb4+ 4.Nbd2 c5 5.e3 b6 6.dxc5 Bxc5 7.Be2
Bb7 8.O-O O-O 9.a3 d5 10.b4 Be7 11.Bb2 Nbd7 12.Qb3 Rc8 13.Rfd1
Rc7 14.Rac1 Qb8 15.Nd4 Rd8 16.h3 Qa8 17.Bf3 Ne5 18.cxd5 Nxf3+
19.N2xf3 Bxd5 20.Qd3 Bxf3 21.gxf3 Rxc1 22.Rxc1 e5 23.Nf5 Rxd3
24.Nxe7+ Kf8 25.Rc8+ Qxc8 26.Nxc8 Nd7 27.Kg2 Rb3 28.Ba1 Rxa3
29.Bb2 Rb3 0-1

[Event ""]
[Site ""]
[Date "????.??.??"]
[Round "7"]
[White "Îáðåç÷èêîâ Ìèõàèë"]
[Black "Ãàðãîëèí Ïàâåë"]
[Result "1-0"]
[WhiteElo "1990"]
[BlackElo "2102"]
[Annotator ""]
[Source ""]
[Remark ""]

1.d4 Nf6 2.c4 d6 3.Nc3 Nbd7 4.Nf3 e5 5.Bg5 Be7 6.dxe5 dxe5 7.e3
O-O 8.Qc2 e4 9.Nd2 Nc5 10.Be2 Re8 11.O-O Ng4 12.Bxe7 Qxe7 13.b4
Na6 14.a3 Nf6 1-0

[Event ""]
[Site ""]
[Date "????.??.??"]
[Round "7"]
[White "Ñêóðàòîâè÷ ßêîâ"]
[Black "Ëàðèíà Ìàðèÿ"]
[Result "0-1"]
[WhiteElo "1990"]
[BlackElo "2102"]
[Annotator ""]
[Source ""]
[Remark ""]

1.e4 c5 2.Nc3 Nc6 3.f4 g6 4.Nf3 Bg7 5.Bc4 e6 6.O-O Nge7 7.Qe1
Nd4 8.Nxd4 cxd4 9.Ne2 d5 10.Bb5+ Bd7 11.Bxd7+ Qxd7 12.e5 Nc6
13.Qf2 f6 14.Nxd4 fxe5 15.Nxc6 Qxc6 16.fxe5 Rf8 17.Qd4 Rxf1+
18.Kxf1 Qxc2 19.d3 Qd1+ 20.Kf2 Rc8 21.Qe3 Rc2+ 22.Kg3 Qf1 23.Qf3
Bxe5+ 24.Kh3 Qxf3+ 25.gxf3 Rxh2+ 26.Kg4 Rg2+ 27.Kh4 Rg1 0-1

[Event ""]
[Site ""]
[Date "????.??.??"]
[Round "7"]
[White "Ëîçáåíåâ Ïàâåë"]
[Black "Ñóäàðåâ Îëåã"]
[Result "1/2-1/2"]
[WhiteElo "2073"]
[BlackElo "2009"]
[Annotator ""]
[Source ""]
[Remark ""]

1.d4 e6 2.c4 Nf6 3.Nf3 c5 4.d5 exd5 5.cxd5 d6 6.Nc3 g6 7.e4 Bg7
8.Bd3 O-O 9.O-O Bg4 10.h3 Bxf3 11.Qxf3 a6 12.a4 Nbd7 13.Bf4 Nb6
14.Rfe1 Nh5 15.Bh2 Qc7 16.g4 Nf6 17.e5 dxe5 18.Bxe5 Qd8 19.Rad1
Nbd7 20.Bh2 Qb6 21.g5 Nh5 22.Re2 Rfe8 23.Rde1 Rxe2 24.Rxe2 Bf8
25.Ne4 Ng7 1/2-1/2

[Event ""]
[Site ""]
[Date "????.??.??"]
[Round "7"]
[White "Õðàìöîâà Åëåíà"]
[Black "Ëþøèí Ìàêñèì"]
[Result "1/2-1/2"]
[WhiteElo "2071"]
[BlackElo "2000"]
[Annotator ""]
[Source ""]
[Remark ""]

1.e4 c5 2.Nf3 d6 3.d4 cxd4 4.Nxd4 Nf6 5.Nc3 g6 6.Be3 Bg7 7.f3
O-O 8.Qd2 Nc6 9.O-O-O Nxd4 10.Bxd4 Be6 11.g4 Qa5 12.g5 Nh5 13.Bxg7
Kxg7 14.Kb1 Rfc8 15.Qd4+ Kg8 16.Nd5 Bxd5 17.exd5 Qc5 18.c3 b5
19.Bh3 Qxd4 20.Rxd4 Rc5 21.Bg4 Ng7 22.h4 a5 23.f4 Rd8 24.Rhd1
Kf8 25.R1d2 Rc7 26.a4 Rb8 27.axb5 Rxb5 28.Ra4 Rxc3 29.Rxa5 Rxa5
30.bxc3 Rc5 31.Rb2 Nf5 32.h5 Rxc3 33.h6 Rc8 34.Rb7 Rd8 35.Bxf5
gxf5 36.Kc2 1/2-1/2

[Event ""]
[Site ""]
[Date "????.??.??"]
[Round "7"]
[White "Ëóãîâîé Äìèòðèé"]
[Black "Ñèäîðîâ Êèðèëë"]
[Result "1-0"]
[WhiteElo "2066"]
[BlackElo "1977"]
[Annotator ""]
[Source ""]
[Remark ""]

1.d4 f5 2.Bg5 Nf6 3.Bxf6 exf6 4.Nf3 d5 5.e3 Be6 6.Bd3 Nc6 7.a3
Qd7 8.Nbd2 g6 9.c4 dxc4 10.Nxc4 Bh6 11.b4 O-O 12.O-O Rfe8 13.b5
Nd8 14.Rc1 Bd5 15.Nb2 f4 16.e4 Bxe4 17.Bxe4 Rxe4 18.Qb3+ Kh8
19.Na4 Ne6 20.Qd3 f5 21.Nc3 Ng5 22.Nxg5 Rxd4 23.Qf3 Bxg5 24.Qxb7
Qc8 25.Qc6 Rd6 26.Qf3 Qd8 27.Rfd1 Rb8 28.a4 Qd7 29.Rxd6 Qxd6
30.Nd5 c6 31.Qc3+ Kg8 32.Qxc6 Qxc6 33.bxc6 Kf7 34.c7 Rc8 35.Rc6
Ke8 36.Ra6 Kd7 37.Rxa7 Be7 38.Nb6+ 1-0

[Event ""]
[Site ""]
[Date "????.??.??"]
[Round "7"]
[White "Îðëîâöåâ Àëåêñàíäð"]
[Black "Áàáàõèí Àíòîí"]
[Result "0-1"]
[WhiteElo "2058"]
[BlackElo "1974"]
[Annotator ""]
[Source ""]
[Remark ""]

1.d4 d5 2.e3 Nf6 3.f4 Bf5 4.Nf3 e6 5.Be2 Bd6 6.O-O O-O 7.b3 c5
8.Ne5 Nc6 9.a3 Rc8 10.Bb2 cxd4 11.exd4 Bxc2 12.Qe1 Bxb3 13.Bd3
Qb6 14.Qe3 Ba4 15.Rf2 Bb5 16.g4 Bxd3 17.Qxd3 Bxe5 18.fxe5 Nxg4
19.Rg2 Ngxe5 20.Qg3 Ng6 21.Nc3 Nxd4 22.Kh1 Nf5 23.Qe1 Nfh4 24.Rf2
Qc6 25.Rc1 d4+ 26.Ne4 Qd5 27.Kg1 Rxc1 28.Bxc1 Nf5 29.Ng5 Ne5
30.Qe2 h6 31.Nh3 d3 32.Qd1 Rc8 33.Nf4 Qc5 34.Bd2 Nh4 35.Kf1 Nhf3
36.Rxf3 Nxf3 37.Qxf3 Qxa3 38.Qe3 Qa1+ 39.Kg2 Rc2 40.Kg3 Qa2 41.Bb4
Rxh2 42.Qd4 Rb2 43.Qd8+ Kh7 44.Qxd3+ Kg8 45.Qd8+ Kh7 46.Qd3+
g6 47.Bc3 e5 48.Nxg6 Rg2+ 49.Kf3 Qf2+ 50.Ke4 Rxg6 0-1

[Event ""]
[Site ""]
[Date "????.??.??"]
[Round "7"]
[White "Áëîõèíà Ýëüâèðà"]
[Black "Çèìåíêî Áîðèñ"]
[Result "0-1"]
[WhiteElo "1962"]
[BlackElo "2054"]
[Annotator ""]
[Source ""]
[Remark ""]

1.d4 Nf6 2.c4 d6 3.Nc3 g6 4.e4 Bg7 5.Nf3 O-O 6.Be2 Nbd7 7.O-O
e5 8.d5 Nc5 9.Nd2 a5 10.b3 Bd7 11.a3 Ne8 12.f3 f5 13.g4 Qh4 14.Kg2
Bh6 15.gxf5 gxf5 16.Kh1 Kh8 17.Rg1 Nf6 18.exf5 Bxf5 19.Nf1 Bf4
20.Bxf4 exf4 21.b4 Rg8 22.Rxg8+ Rxg8 23.Nd2 Nh5 24.Nde4 Bxe4
25.fxe4 Ng3+ 26.Kg2 Ngxe4+ 0-1

[Event ""]
[Site ""]
[Date "????.??.??"]
[Round "7"]
[White "Äåðáåíöåâà Èðèíà"]
[Black "Êàìàøåâà Ýëüâèðà"]
[Result "1-0"]
[WhiteElo "2053"]
[BlackElo "1973"]
[Annotator ""]
[Source ""]
[Remark ""]

1.e4 c5 2.Nf3 d6 3.d4 cxd4 4.Nxd4 Nf6 5.Nc3 g6 6.Bg5 Bg7 7.Qd2
h6 8.Bh4 Nc6 9.Nb3 Be6 10.Be2 Ne5 11.O-O Rc8 12.Nd4 Bc4 13.b3
Bxe2 14.Ndxe2 Qa5 15.Rad1 Qc5 16.Kh1 Ned7 17.f3 a6 18.Bf2 Qc7
19.Rc1 O-O 20.Bd4 Kh7 21.Nd5 Nxd5 22.exd5 Bxd4 23.Nxd4 Qc3 24.Qxc3
Rxc3 25.Rfe1 Re8 26.Ne2 Re3 27.Nd4 Rc3 28.Ne2 Re3 29.Kg1 e6 30.dxe6
R8xe6 31.Kf2 Nc5 32.Nf4 Rxe1 33.Rxe1 Rxe1 34.Kxe1 g5 35.Nd5 Kg6
36.g4 h5 37.h3 hxg4 38.hxg4 f6 39.Ke2 Kf7 40.c4 a5 41.Ke3 Ke6
42.Nc3 Ke5 43.Nd5 Nd7 44.f4+ gxf4+ 45.Nxf4 Nc5 46.Ng6+ Ke6 47.Kd4
Na6 48.Nf4+ Kd7 49.Ke4 Nb4 50.a3 Nc6 51.Kf5 Ke7 52.Nd5+ Kf7 53.Nxf6
Nd4+ 54.Ke4 Nxb3 55.g5 Kg6 56.Kd5 Kxg5 57.Ne4+ Kf4 58.Nxd6 b6
59.Nc8 Na1 60.Nxb6 Nc2 61.a4 Nb4+ 62.Kd6 1-0

[Event ""]
[Site ""]
[Date "????.??.??"]
[Round "7"]
[White "Áóõàðèí Àíòîí"]
[Black "Íèêèòèí Àëåêñàíäð"]
[Result "1-0"]
[WhiteElo "2033"]
[BlackElo "1932"]
[Annotator ""]
[Source ""]
[Remark ""]

1.d4 d6 2.c4 e5 3.dxe5 dxe5 4.Qb3 Nc6 5.e3 Nf6 6.Bd2 Be7 7.Ne2
O-O 8.Ng3 Nd7 9.Qc2 g6 10.a3 a5 11.Nc3 Nb6 12.Be2 Be6 13.b3 f5
14.O-O f4 15.Nge4 g5 16.f3 Qe8 17.c5 Nd7 18.Nb5 Rc8 19.Bc4 Qf7
20.Rac1 Kh8 21.Qb2 Bxc4 22.Rxc4 Qg7 23.exf4 gxf4 24.Bc3 Rg8 25.Rd1
Nf6 26.Nxf6 Bxf6 27.Re4 Rcd8 28.Rxd8 Rxd8 29.Rxf4 Rd1+ 30.Kf2
Qh6 31.Rg4 Qxh2 32.Qe2 Qg1+ 33.Kg3 h5 34.Rg6 Ne7 35.Rxf6 h4+
36.Kg4 Rd8 37.Rh6+ Kg8 38.Bxe5 Rd5 39.Rh8+ Kf7 40.Rh7+ Kf8 41.Rxe7
Qb1 42.Bg7+ Kg8 43.Qe6+ 1-0

[Event ""]
[Site ""]
[Date "????.??.??"]
[Round "7"]
[White "Âûñîöêèé Àëåêñàíäð"]
[Black "Àáäðàõìàíîâ Ðàìèñ"]
[Result "1-0"]
[WhiteElo "2030"]
[BlackElo "1855"]
[Annotator ""]
[Source ""]
[Remark ""]

1.e4 e6 2.d4 d5 3.e5 c5 4.c3 Nc6 5.Nf3 Qb6 6.a3 c4 7.Nbd2 Na5
8.g3 Bd7 9.Bh3 Nh6 10.O-O Be7 11.Re1 Nf5 12.Nf1 Nb3 13.Rb1 Ba4
14.Qe2 Bd7 15.N3d2 O-O 16.Bxf5 exf5 17.Ne3 Qe6 18.Qf3 Rad8 19.Nxd5
Bc6 20.Nxe7+ Qxe7 21.Qxf5 Bd5 22.Nxb3 cxb3 23.Bg5 f6 24.exf6
Qc7 25.Re7 Rxf6 1-0

[Event ""]
[Site ""]
[Date "????.??.??"]
[Round "7"]
[White "Êóòóåâà Íàòàëèÿ"]
[Black "Àíèñèìîâ Íèêîëàé"]
[Result "0-1"]
[WhiteElo "1925"]
[BlackElo "2257"]
[Annotator ""]
[Source ""]
[Remark ""]

1.d4 d5 2.c4 e6 3.Nc3 Nf6 4.cxd5 exd5 5.Bg5 Be7 6.e3 O-O 7.Qc2
c6 8.Bd3 h6 9.Bh4 Re8 10.Nf3 Nbd7 11.O-O Ne4 12.Bxe7 Qxe7 13.Bxe4
dxe4 14.Nd2 f5 15.Rae1 b6 16.Qa4 Nf6 17.f3 Bb7 18.fxe4 fxe4 19.b4
Kh8 20.Rf5 Qd6 21.Rf4 c5 22.bxc5 bxc5 23.Nc4 Qe7 24.Ne5 Qc7 25.Nb5
Qb6 26.Nd6 Re6 27.Nec4 Qa6 28.Qxa6 Bxa6 29.Ne5 g5 30.Rf5 cxd4
31.exd4 Kg8 32.Ndc4 Rd8 33.Rd1 Nd5 34.Re1 Ne7 35.Rf7 Rxd4 36.Re2
Nd5 0-1

[Event ""]
[Site ""]
[Date "????.??.??"]
[Round "7"]
[White "Öàðóêÿí Ýëèñ"]
[Black "Ñèìàãèí Ìàêñèì"]
[Result "1-0"]
[WhiteElo "2246"]
[BlackElo "1997"]
[Annotator ""]
[Source ""]
[Remark ""]

1.e4 e6 2.d4 d5 3.Nd2 Nf6 4.e5 Nfd7 5.c3 c5 6.f4 Nc6 7.Ndf3 a6
8.Ne2 b5 9.Be3 Bb7 10.g3 Qb6 11.Bh3 g6 12.O-O Be7 13.Qd2 a5 14.dxc5
Bxc5 15.Bxc5 Nxc5 16.Ned4 Ne4 17.Qe3 Ba6 18.Ng5 Nxd4 19.cxd4
Rc8 20.Nxe4 dxe4 21.Qxe4 Bb7 22.Qd3 Qc6 23.d5 Qc5+ 24.Rf2 Bxd5
25.Bf1 Bc4 26.Qc3 Bxf1 27.Qxc5 Rxc5 28.Kxf1 Ke7 29.Rd1 Rd8 30.Rfd2
Rxd2 31.Rxd2 f6 32.exf6+ Kxf6 33.Kf2 g5 34.Kf3 gxf4 35.gxf4 e5
36.Rd6+ Kf5 37.fxe5 Kxe5 38.Rd2 b4 39.h4 Rc4 40.Kg3 a4 41.Rd7
Rc2 42.Ra7 a3 43.bxa3 Rxa2 44.Ra5+ Ke4 45.axb4 Rb2 46.Rb5 h5
47.Rxh5 Rxb4 48.Ra5 Rb8 49.Kg4 Rg8+ 50.Rg5 Rf8 51.Rg6 Rf1 52.Re6+
Kd5 53.Re2 Rg1+ 54.Kf5 Rh1 55.Kg5 Rg1+ 56.Kh6 Kd6 57.h5 Rg3 58.Kh7
Rg5 59.h6 Rh5 60.Kg6 Rh1 61.h7 Rg1+ 62.Kf6 Rf1+ 63.Kg7 Rg1+ 64.Kf8
Rf1+ 65.Ke8 Rh1 66.Re7 Rh2 67.Kf8 Rf2+ 68.Rf7 Rh2 69.Kg8 Ke6
70.Rg7 1-0

[Event ""]
[Site ""]
[Date "????.??.??"]
[Round "7"]
[White "Ëàçàðåâ Àíàòîëèé"]
[Black "Áî÷êîâ Àðòåì"]
[Result "1/2-1/2"]
[WhiteElo "2133"]
[BlackElo "1969"]
[Annotator ""]
[Source ""]
[Remark ""]

1.d4 c5 2.Nf3 Nf6 3.g3 cxd4 4.Bg2 e5 5.O-O Nc6 6.c3 dxc3 7.Nxc3
Be7 8.a3 O-O 9.b4 a6 10.Na4 d5 11.Bb2 b5 12.Qc2 Bb7 13.Nc5 Bxc5
14.Qxc5 Ne4 15.Qe3 Qe7 16.Rfd1 Rad8 17.Rac1 f5 18.Nd2 Nf6 19.Nb3
Rf7 20.Nc5 Rd6 21.h3 Bc8 22.Nd3 d4 23.Qg5 h6 24.Qh4 e4 25.Nc5
g5 26.Qxh6 Ng4 27.Qxd6 Qxd6 28.hxg4 Re7 29.e3 Be6 30.Bxd4 Nxd4
31.Rxd4 Qc6 32.gxf5 Bxf5 33.a4 bxa4 1/2-1/2

[Event ""]
[Site ""]
[Date "????.??.??"]
[Round "7"]
[White "Êàçåííîâà Äàðüÿ"]
[Black "Ñàäûêîâ Ðóñòåì"]
[Result "1-0"]
[WhiteElo "1946"]
[BlackElo "2121"]
[Annotator ""]
[Source ""]
[Remark ""]

1.e4 e6 2.d4 d5 3.exd5 exd5 4.Bd3 Bd6 5.c3 Nf6 6.Bg5 O-O 7.Ne2
c5 8.dxc5 Bxc5 9.O-O Qb6 10.Nf4 Bg4 11.Qc2 Nbd7 12.h3 Be6 13.Nd2
h6 14.Bxf6 Nxf6 15.Rae1 Bd7 16.Qb3 Qd6 17.Ne2 Rfe8 18.Nf3 Ne4
19.Ned4 a6 20.Qc2 Qg6 21.Nh4 Qg5 22.Bxe4 dxe4 23.Rxe4 Rxe4 24.Qxe4
Re8 25.Qxb7 Bxh3 26.Ndf3 Qg4 27.Qc6 Rc8 28.Qxa6 g5 29.Ne5 Qxh4
30.gxh3 Qg3+ 31.Kh1 Qxh3+ 32.Kg1 Re8 33.Qd3 Qh4 34.Nd7 Be7 35.Qg3
Qc4 36.b3 Qe6 37.Rd1 Rd8 38.Qd3 f5 39.Qd5 Qxd5 40.Rxd5 Kf7 41.Ne5+
Ke6 42.Rxd8 Bxd8 43.Nd3 Bf6 44.c4 f4 45.a4 Bd4 46.a5 Kf5 47.a6
Ke4 48.c5 Kxd3 49.a7 Ke2 50.a8Q Bxf2+ 51.Kg2 f3+ 52.Qxf3+ 1-0

[Event ""]
[Site ""]
[Date "????.??.??"]
[Round "7"]
[White "Êàðàòàåâ Îëåã"]
[Black "Æóðàâëåâ Àëåêñàíäð"]
[Result "1-0"]
[WhiteElo "1932"]
[BlackElo "2118"]
[Annotator ""]
[Source ""]
[Remark ""]

1.d4 d5 2.Nf3 Nf6 3.Bf4 c6 4.e3 Qb6 5.b3 Ne4 6.Bd3 Nd7 7.O-O
Ndf6 8.Ne5 Be6 9.c4 dxc4 10.bxc4 Qb2 11.f3 Qxa1 12.fxe4 Qxa2
13.d5 Bd7 14.Qf3 Qb3 15.Nd2 Qc3 16.Nb1 Qb4 17.Nxd7 Nxd7 18.Bc7
f6 19.e5 Nxe5 20.Bxe5 fxe5 21.dxc6 O-O-O 22.cxb7+ Qxb7 23.Bf5+
e6 24.Bxe6+ Kb8 25.Bd5 Qb6 26.Nc3 Bb4 27.Rb1 a5 28.Na2 g6 29.Nxb4
axb4 30.Qe4 Rhe8 31.c5 Qxc5 32.Rxb4+ Ka7 33.Rb7+ Ka6 34.Qa4+
Qa5 35.Ra7+ Kxa7 36.Qxa5+ Kb8 37.Qb6+ 1-0

[Event ""]
[Site ""]
[Date "????.??.??"]
[Round "7"]
[White "Äîëãîâà Òàìàðà"]
[Black "Äåðÿáèíà Ñâåòëàíà"]
[Result "1-0"]
[WhiteElo "1907"]
[BlackElo "2133"]
[Annotator ""]
[Source ""]
[Remark ""]

1.e4 c5 2.Nf3 e6 3.d4 cxd4 4.c3 d5 5.e5 dxc3 6.Nxc3 Nc6 7.Bb5
Qc7 8.O-O a6 9.Ba4 b5 10.Bb3 Nxe5 11.Nxe5 Qxe5 12.Re1 Qd6 13.Nxd5
Qd8 14.Bf4 Bd6 15.Bxd6 Qxd6 16.Rc1 Rb8 17.Qg4 Kf8 18.Ne3 Nf6
19.Qh4 Bd7 20.Rcd1 Qc5 21.Rd3 h6 22.Red1 g5 23.Qg3 Rd8 24.Ng4
Nxg4 25.Qxg4 Ke7 26.Rc3 Qe5 27.Qb4+ Ke8 28.Rcd3 Rh7 29.a4 Rg7
30.axb5 axb5 31.Qd2 Qc7 32.Rd6 Rg6 33.Bc2 Rf6 34.Be4 Ke7 35.Qb4
Ke8 36.Bc6 Qa7 37.Qd2 Rf5 38.Bxd7+ Kf8 39.Bxe6 1-0

[Event ""]
[Site ""]
[Date "????.??.??"]
[Round "7"]
[White "Õîáîòîâà Îëåñÿ"]
[Black "Ìûøêèí Íèêèòà"]
[Result "0-1"]
[WhiteElo "1931"]
[BlackElo "2050"]
[Annotator ""]
[Source ""]
[Remark ""]

1.e4 c6 2.d4 d5 3.exd5 cxd5 4.Bd3 Nf6 5.h3 e6 6.Nf3 Nc6 7.c3
Be7 8.O-O O-O 9.Re1 a6 10.Nbd2 b5 11.Ne5 Bb7 12.Ndf3 Nd7 13.Qc2
g6 14.Bh6 Ndxe5 15.Nxe5 Nxe5 16.Rxe5 Re8 17.Rae1 Bd6 18.R5e2
Rc8 19.Qd2 b4 20.Re3 Qa5 21.Bb1 bxc3 22.bxc3 Bc6 23.h4 Qd8 24.h5
Bd7 25.hxg6 hxg6 26.Rf3 f5 27.Bg5 Qc7 28.Rh3 Kg7 29.g4 Rh8 30.Bh6+
Kf7 31.gxf5 gxf5 32.Kf1 Bb5+ 33.Bd3 Bxd3+ 34.Qxd3 Qc4 35.Qxc4
Rxc4 36.Ke2 Bf4 37.Reh1 Bxh6 38.Rxh6 Rxh6 39.Rxh6 Rxc3 0-1

[Event ""]
[Site ""]
[Date "????.??.??"]
[Round "7"]
[White "Áðóÿöêàÿ Ìàðèÿ"]
[Black "Äìèòðèåâ Âàëåðèé"]
[Result "1-0"]
[WhiteElo "2045"]
[BlackElo "1952"]
[Annotator ""]
[Source ""]
[Remark ""]

1.d4 g6 2.c4 Bg7 3.Nc3 d6 4.Nf3 Bg4 5.e4 Nc6 6.Be3 Nf6 7.Be2
Bxf3 8.Bxf3 O-O 9.O-O e5 10.d5 Ne7 11.c5 a6 12.Qb3 dxc5 13.Qxb7
Qd6 14.Qb3 Rfb8 15.Qa3 Rb4 16.Na4 Qd7 17.Nxc5 Qb5 18.Be2 Qxe2
19.Qxb4 Qh5 20.f3 Qh4 21.Qb7 Re8 22.Qxc7 Nexd5 23.exd5 Nxd5 24.Qc6
Rd8 25.Bf2 Qg5 26.Ne4 Qe7 27.Rad1 Nf4 28.Rxd8+ Qxd8 29.Qd6 Qc8
30.Re1 Ne2+ 31.Kh1 Nd4 32.Nf6+ Bxf6 33.Qxf6 Qc2 34.Bxd4 exd4
35.Qd8+ Kg7 36.Qxd4+ 1-0

[Event ""]
[Site ""]
[Date "????.??.??"]
[Round "7"]
[White "Èñàåâ Åâãåíèé"]
[Black "Àíòîíîâ Èâàí"]
[Result "1/2-1/2"]
[WhiteElo "1897"]
[BlackElo "2027"]
[Annotator ""]
[Source ""]
[Remark ""]

1.Nf3 b6 2.d4 Bb7 3.c4 e6 4.Nc3 Bb4 5.Qc2 f5 6.a3 Bxc3+ 7.Qxc3
Nf6 8.Bg5 O-O 9.e3 d6 10.Be2 Nbd7 11.h3 Qe8 12.Bxf6 Nxf6 13.Qc2
Ne4 14.Nh2 Qg6 15.Bf3 Rae8 16.Nf1 c5 17.dxc5 dxc5 18.O-O-O Ba8
19.Qe2 Rd8 20.Nd2 Nxd2 21.Rxd2 Bxf3 22.Qxf3 Rxd2 1/2-1/2

[Event ""]
[Site ""]
[Date "????.??.??"]
[Round "7"]
[White "Ïÿòíèöûí Ìàêñèì"]
[Black "Ëîøàêîâ Äìèòðèé"]
[Result "0-1"]
[WhiteElo "1857"]
[BlackElo "2001"]
[Annotator ""]
[Source ""]
[Remark ""]

1.e4 c6 2.d4 d5 3.Nc3 g6 4.Nf3 Bg7 5.Be3 Bg4 6.Qd2 dxe4 7.Nxe4
Bxf3 8.gxf3 Nf6 9.O-O-O Qd5 10.Nc3 Qxf3 11.Be2 Qf5 12.Bd3 Qa5
13.Bc4 e6 14.Bg5 Nbd7 15.f4 b5 16.Bb3 b4 17.Ne2 Qb5 18.c4 bxc3
19.Nxc3 Qb4 20.Kb1 Nb6 21.Rc1 a5 22.Bxf6 Bxf6 23.Qg2 Nd5 24.Ne4
Bxd4 25.Rxc6 O-O 26.f5 Ne3 27.Qh3 Nxf5 28.Ng5 h6 29.Nf3 Bg7 30.Rc2
a4 31.Bc4 Ne3 0-1

[Event ""]
[Site ""]
[Date "????.??.??"]
[Round "7"]
[White "Ïîëîíîâñêèé Ãðèãîðèé"]
[Black "Êîâàëåâ Åâãåíèé"]
[Result "1-0"]
[WhiteElo "2141"]
[BlackElo "1830"]
[Annotator ""]
[Source ""]
[Remark ""]

1.e4 c5 2.Nf3 d6 3.Bc4 Nf6 4.e5 dxe5 5.Nxe5 e6 6.Qe2 a6 7.a4
b6 8.O-O Bd6 9.f4 O-O 10.Ra3 Bxe5 11.fxe5 Qd4+ 12.Kh1 Nfd7 13.Re3
Nc6 14.c3 Qh4 15.Re4 Qe7 16.d4 Bb7 17.Na3 Rfc8 18.Qh5 Nf8 19.Bg5
Qe8 20.Rh4 Rc7 21.Bd3 g6 22.Qh6 f5 23.exf6 Qf7 24.Nc4 Rd8 25.Qg7+
Qxg7 26.fxg7 Kxg7 27.Bf6+ Kg8 28.Bxd8 Nxd8 29.Rhf4 Nd7 30.Nxb6
Nxb6 31.Rf8+ Kg7 32.Rxd8 1-0

[Event ""]
[Site ""]
[Date "????.??.??"]
[Round "7"]
[White "Ñìèðíîâ Íèêîëàé"]
[Black "Àðáóçîâ Èâàí"]
[Result "1-0"]
[WhiteElo "2083"]
[BlackElo "1802"]
[Annotator ""]
[Source ""]
[Remark ""]

1.d4 Nf6 2.c4 g6 3.Nc3 Bg7 4.e4 d6 5.f4 c6 6.Nf3 O-O 7.Be2 Ne8
8.O-O e6 9.e5 d5 10.b3 Nc7 11.Ba3 Re8 12.Bd6 Bf8 13.c5 b5 14.b4
a5 15.a3 a4 16.Bxf8 Rxf8 17.Qe1 Qe7 18.Qg3 Nd7 19.Qh3 f5 20.g4
Bb7 21.Bd3 Kh8 22.Ra2 Rg8 23.Rg2 Rg7 24.Kf2 Rag8 25.Rfg1 Nf8
26.Ke3 Bc8 27.Qh6 Bd7 28.g5 Be8 29.Qh4 Nd7 30.Qf2 Rf8 31.Ne2
Kg8 32.h4 Kf7 33.h5 Nb8 34.Rh2 Nd7 35.Rgh1 Na8 36.Rh4 Nc7 37.R1h3
Na8 38.Qh2 Nc7 39.hxg6+ hxg6 40.Rh6 Rfg8 41.Ng3 Kf8 42.Be2 Bf7
43.Rh7 Ke8 44.Rxg7 Rxg7 45.Rh6 Nf8 46.Bd3 Kd8 47.Nh4 Qe8 48.Rh8
Rg8 49.Rh6 Rg7 50.Bc2 Kc8 51.Bxf5 Kb8 52.Bd3 Ka7 1-0

[Event ""]
[Site ""]
[Date "????.??.??"]
[Round "7"]
[White "Áàëòèí Èëüäàð"]
[Black "Äåìåíòüåâ Îëåã"]
[Result "1/2-1/2"]
[WhiteElo "1802"]
[BlackElo "1991"]
[Annotator ""]
[Source ""]
[Remark ""]

1.Nf3 Nf6 2.g3 d5 3.d4 Bf5 4.Bg2 e6 5.Nbd2 c5 6.O-O h6 7.c4 Nc6
8.cxd5 exd5 9.dxc5 Bxc5 10.a3 O-O 11.b4 Bb6 12.Bb2 Ne4 13.Nb3
Re8 14.Nbd4 Bg4 15.Nxc6 bxc6 16.Nd4 Qg5 17.Qc2 Rac8 18.e3 c5
19.bxc5 Rxc5 20.Qd3 Bh5 21.Rac1 Bg6 22.Nf3 Nxf2 23.Qd4 Qf6 24.Qxf6
gxf6 25.Kxf2 Rxe3 26.Bd4 Rxc1 27.Kxe3 Rc3+ 28.Kf4 Bc7+ 29.Kg4
h5+ 30.Kh4 Rc4 31.Rd1 Bb6 32.g4 hxg4 33.Kxg4 1/2-1/2

[Event ""]
[Site ""]
[Date "????.??.??"]
[Round "7"]
[White "Ëþáàíñêèé Ìàðê"]
[Black "Ñåðãèåíêî Àíòîí"]
[Result "0-1"]
[WhiteElo "1902"]
[BlackElo "1902"]
[Annotator ""]
[Source ""]
[Remark ""]

1.e4 e6 2.d4 d5 3.Nd2 c5 4.c3 Nc6 5.Bb5 cxd4 6.cxd4 Bb4 7.Qa4
Bd7 8.Bxc6 Bxd2+ 9.Bxd2 Bxc6 10.Qb3 dxe4 11.Ne2 Ne7 12.O-O O-O
13.Bg5 h6 14.Bh4 Qd7 15.Bxe7 Qxe7 16.Ng3 Rad8 17.Qe3 Qb4 18.Rad1
Qxb2 19.Rd2 Qb6 20.Nxe4 Bxe4 21.Qxe4 Rd5 22.Rb1 Qa6 23.Rc1 Rfd8
24.Qf4 Qb6 25.Rcd1 e5 26.Qf5 exd4 27.Qe4 Qe6 28.Qb1 b6 29.Re1
Qf6 30.Rde2 g6 31.Qb3 d3 32.Rd2 Qg5 33.Qb2 R5d7 34.Kf1 Re7 35.Red1
Qh5 36.h3 Qf5 37.Qa3 Re2 38.f3 Qg5 0-1

[Event ""]
[Site ""]
[Date "????.??.??"]
[Round "7"]
[White "Ôèëîíåíêî Åëåíà"]
[Black "Êîëåñíèêîâ Ëåâ"]
[Result "1/2-1/2"]
[WhiteElo "1559"]
[BlackElo "1819"]
[Annotator ""]
[Source ""]
[Remark ""]

1.e4 d5 2.exd5 Qxd5 3.Nc3 Qa5 4.d4 Nc6 5.Nf3 Bg4 6.Be2 O-O-O
7.Be3 h6 8.O-O Nf6 9.a3 Qf5 10.Na4 e5 11.c3 g5 12.b4 Bxf3 13.Bxf3
e4 14.Be2 g4 15.Nc5 Bxc5 16.bxc5 Kd7 17.Qb3 Nd5 18.c4 Nxe3 19.fxe3
Qg6 20.d5 Ne5 21.Qxb7 Rb8 22.c6+ Kd6 23.Qxa7 Nf3+ 24.Kh1 Qh5
25.Bxf3 gxf3 26.Rf2 fxg2+ 27.Kg1 Qe5 28.Rd1 Ra8 29.Qd4 Qxd4 30.Rxd4
Rxa3 31.Rxg2 Rxe3 32.Kf2 Rc3 33.Rxe4 Ra8 34.Rgg4 Ra2+ 1/2-1/2